Ciencias sociales 1 /
Guardado en:
| Autor Principal: | |
|---|---|
| Otros Autores: | , , , , , , |
| Formato: | Libro |
| Publicado: |
Buenos Aires :
Santillana,
2008
|
| Series: | Nuevamente
|
| Materias: | |
| Etiquetas: |
Agregar Etiqueta
Sin Etiquetas, Sea el primero en etiquetar este registro!
|
| LEADER | 01821nam a22003255a 4500 | ||
|---|---|---|---|
| 001 | CEM.cems013091 | ||
| 005 | 20090403091859.0 | ||
| 008 | 130507s2008##################000#0#####d | ||
| 003 | CEMS | ||
| 020 | |a 9789504619062 | ||
| 082 | 0 | 4 | |a Z302 |
| 100 | 1 | |a Barraza, Natalia Alfonsina | |
| 245 | 1 | 0 | |a Ciencias sociales 1 / |c Natalia Alfonsina Barraza ... [et Al.] |
| 260 | |a Buenos Aires : |b Santillana, |c 2008 | ||
| 300 | |a 224 p. | ||
| 490 | 0 | |a Nuevamente | |
| 500 | |a Para 1er. año de Educación Secundaria Básica | ||
| 505 | 0 | |a Nosotros, el tiempo y la historia -- La ubicación en el espacio -- En tiempos de la piedra antigua -- El poblamiento de América -- La edad de la piedra nueva -- La Mesopotamia y los primeros Estados del CercanO Oriente -- Egipto, un largo oasis a orillas del Nilo -- Pueblos agricultores americanos -- La antigua Grecia: de la polis al Imperio de Alejandro -- La civilización griega -- Roma y el Mediterráneo. Un mundo de conquistas e intercambios -- El Imperio Romano. Relaciones de poder y de producción -- El fin de la unidad del Mediterráneo -- La sociedad feudal -- Los cambios del siglo XI -- Las formas de la tierra -- El agua en la naturaleza -- El clima - La población -- Paisajes del mundo -- Las zonas templadas -- Las selvas y las sabanas -- Las zonas polares y de alta montaña -- Los desiertos | |
| 653 | |a Ciencias sociales | ||
| 653 | |a Ciencias sociales-1er. año | ||
| 653 | |a Ciencias sociales-educación secundaria básica | ||
| 653 | |a Ciencias sociales-egb | ||
| 700 | 1 | |a Castro, Hortensia | |
| 700 | 1 | |a Minvielle, Sandra E. | |
| 700 | 1 | |a Morichetti, María | |
| 700 | 1 | |a Pita, Valeria S. | |
| 700 | 1 | |a Prieto, Alicia I. | |
| 700 | 1 | |a Quintana, Carolina | |
| 700 | 1 | |a Sagol, Cecilia G. | |
| 859 | |a CEMS |b BIB. CEMS - 11 de abril |h Z302 |i B273 |p 25543.09 |t Ej.1 |v 1 |3 1 | ||
